000
00331 a2200157 4500
001
164007
020
_a
040
_c
Magnum
100
_a
Rotello, John E.
240
1
0
_a
Santo agostinho dia a dia
_l
por
245
1
0
_a
Santo agostinho dia a dia
362
0
_a
1899
440
1
_a
Loyola
697
_a
CRISTIANISMO
942
_c
BK
999
_c
164007
_d
164007